Loading...
Laterite soils: their distribution, characteristics classification and management
| Main Authors: | , |
|---|---|
| Format: | Printed Book |
| Published: |
Thiruvananthapurma, State Committe on Science, Technology and Environment
1993
|
| LEADER | 005050000a22001330004500 | ||
|---|---|---|---|
| 082 | |a 631.4 N3;1 | ||
| 100 | |a Byju, G | ||
| 100 | |a Varghese, Thomas | ||
| 245 | |a Laterite soils: their distribution, characteristics classification and management | ||
| 260 | |a Thiruvananthapurma, State Committe on Science, Technology and Environment | ||
| 260 | |c 1993 | ||
| 942 | |c BK | ||
| 999 | |c 10977 |d 10977 | ||
| 952 | |0 0 |1 0 |4 0 |6 631_400000000000000_N31 |7 0 |8 ENG |9 10773 |a MGUL |b MGUL |d 2013-07-16 |l 0 |o 631.4 N3;1 |p 17494 |r 2013-07-16 |w 2013-07-16 |y BK | ||